Friends Characters By Picture - Sudden Death - Statistics

General Stats
  • This quiz has been taken 324 times
  • The average score is 7 of 8
Answers on the Grid
Answers color-coded by a green-red scale on the quiz's grid according to % correct below.
 
Answer Stats
Answer % Correct
Joey
91%
Chandler
91%
Rachel
88%
Janice
85%
Mike
85%
Jack Geller
84%
Estelle
81%
Alice Knight Buffay
72%
No matching quizzes found
Score Distribution
Percent of People with Each Score
Percentile by Number Answered
Your Score History
You have not taken this quiz